| 000 | 00706nam a2200217 i 4500 | ||
|---|---|---|---|
| 001 | 134508 | ||
| 003 | ES-MaACL | ||
| 005 | 20240428063037.0 | ||
| 007 | t| | ||
| 008 | 070911s1981 sp ||||1| spa d | ||
| 100 | 0 |
_aWhitman, Walt, _d1819-1892 _9116708 |
|
| 245 | 1 | 0 |
_aHijos de Adán _b: ; Cálamo / _cWalt Whitman ; [traducción del inglés, Enrique López Castellón]. |
| 260 |
_aMadrid : _bFelmar, _c[1981] |
||
| 300 |
_a121 p. ; _c19 cm. |
||
| 490 | 1 |
_aPoesía y prosa popular ; _v17 |
|
| 700 | 1 |
_aLópez Castellón, Enrique. _973498 |
|
| 740 | 0 | _aCálamo. | |
| 830 | 0 |
_aPoesía y prosa popular ; _v17 _9186975 |
|
| 852 |
_aES-MaACL _jL-2136 _bR.102779 |
||
| 999 |
_c134508 _d134508 |
||